| 000 | 00392nam a22001457a 4500 | ||
|---|---|---|---|
| 005 | 20170807092653.0 | ||
| 008 | 170807b xxu||||| |||| 00| 0 eng d | ||
| 022 | _a04304055 | ||
| 040 | _cPK-LaUMT | ||
| 082 |
_aZIAC 297.05 _bFIK- |
||
| 245 | _aFikr o nazar(Vol 52 no. 4)/ | ||
| 260 |
_aاسلام آباد: _bادارہ تحقیقات اسلامی، _c2015 |
||
| 300 | _a135 ص | ||
| 942 | _cBK | ||
| 999 |
_c96512 _d96512 |
||